| 000 | 00364nam a2200133Ia 4500 | ||
|---|---|---|---|
| 008 | 240624s9999 xx 000 0 und d | ||
| 041 | _aeng | ||
| 082 | _a658.022 GER | ||
| 100 | _aGERBER MICHAEL E | ||
| 245 | _aMOST SUCCESSFUL SMALL BUSINESS IN THE WO | ||
| 260 |
_c2010 _aNew Jersey _bJohn Wiley and Sons |
||
| 300 | _axxv, : 162 : p. : cm. ; 23 | ||
| 365 |
_c _b30 |
||
| 999 |
_c14901 _d14901 |
||